Logo BPK

Bibliografia Prac Pracowników

Politechniki Koszalińskiej

Problemy modelowania i analizy przestrzennych mechanizmów 4R / (Rekord nr 8901)

Szczegóły MARC
000 -ETYKIETA REKORDU
podpole kontrolne o stałej długości 00930naa a2200205 i 4500
001 - NUMER KONTROLNY REKORDU
podpole kontrolne 8901
003 - IDENTYFIKATOR NUMERU KONTROLNEGO REKORDU
podpole kontrolne KOSZ 005
005 - DATA OSTATNIEJ MODYFIKACJI REKORDU
podpole kontrolne 20180310124943.0
008 - POLE O STAŁEJ DŁUGOŚCI - DANE KONTROLNE
podpole kontrolne o stałej długości 140903s2011 pl f |100 0 pol
040 ## - ŹRÓDŁO KATALOGOWANIA
Instytucja, która utworzyła rekord BPK
Instytucja, która dokonała modyfikacji KOSZ 005/EG
041 ## - KOD JĘZYKA
Kod języka tekstu pol
044 ## - KOD KRAJU WYDAWCY/PRODUCENTA
Kod kraju wydawcy/producenta POL
080 ## - UNIWERSALNA KLASYFIKACJA DZIESIĘTNA - UKD
UKD 621.01
100 1# - NAZWA OSOBOWA
Nazwa osobowa BUDNIAK, Zbigniew.
Lata pracy 1996 - .
Instytucja Politechnika Koszalińska - Wydział Mechaniczny,
Wydział Katedra Inżynierii Mechanicznej
245 10 - TYTUŁ/ODPOWIEDZIALNOŚĆ
Tytuł Problemy modelowania i analizy przestrzennych mechanizmów 4R /
Pozostałe elementy strefy tytułu i oznaczenia odpowiedzialności Zbigniew Budniak, Tadeusz Bil.
650 #0 - HASŁO PRZEDMIOTOWE W FORMIE NAZWY OGÓLNEJ LUB JEDNOSTKOWEJ
Nazwa ogólna lub geograficzna Konstrukcja maszyn.
700 1# - HASŁO DODATKOWE - NAZWA OSOBOWA
Nazwa osobowa BIL, Tadeusz.
Instytucja Politechnika Koszalińska - Wydział Mechaniczny,
Wydział Katedra Inżynierii Spożywczej i Tworzyw Sztucznych
Lata pracy 1996 - .
773 0# - TYTUŁ DOKUMENTU MACIERZYSTEGO
Wyrażenie wprowadzające W :
Tytuł Podstawy konstrukcji maszyn : kierunki badań i rozwoju. T. 1/3 / [red. nauk. Michał Wasilczuk]. -
Adres wydawniczy Gdańsk : Politechnika Gdańska. Wydział Mechaniczny, 2011. -
Informacje dotyczące relacji s. 92-100
942 ## - HASŁO DODATKOWE - ELEMENTY(KOHA)
Typ dokumentu Rozdział
Schemat klasyfikacji Uniwersalna klasyfikacja dziesiętna

Brak dostępnych egzemplarzy.

© 2014 Biblioteka Politechniki Koszalińskiej :: BIBLIOGRAFIA PRAC PRACOWNIKÓW